| 000 | 00658nam a2200217Ii 4500 | ||
|---|---|---|---|
| 001 | 13034 | ||
| 003 | CO-ViMGA | ||
| 008 | 241108s9999||||xx |||||||||||||| ||und|| | ||
| 020 | _a9806296036 | ||
| 040 |
_aCO-ViMGA _bspa _erda _cCO-ViMGA |
||
| 041 | 0 | _aspa | |
| 082 | 0 | 4 | _a155.25 H19p |
| 100 | 1 |
_aLouise L. Hay _949643 |
|
| 245 | 1 | 0 | _aEl poder está dentro de ti |
| 264 | 1 | _a[Lugar de publicación no identificado] : Urano, [Fecha de publicación no identificada] | |
| 300 | _avolumen | ||
| 336 |
_atext _btxt _2rdacontent |
||
| 337 |
_aunmediated _bn _2rdamedia |
||
| 338 |
_avolume _bnc _2rdacarrier |
||
| 940 | _aidficha_siabuc: 12740. -- ficha_no_siabuc:13034 | ||
| 999 |
_c44320 _d44320 |
||